[Event "FRA-chT1 1011"]
[Site "France"]
[Date "2010.11.14"]
[Round "3.7"]
[White "Patetif, Dyanna"]
[Black "Bricard, Herve"]
[Result "0-1"]
[WhiteElo "1770"]
[BlackElo "2055"]
[PlyCount "92"]
[EventDate "2010.10.17"]
[EventType "team-tourn"]
[EventRounds "11"]
[EventCountry "FRA"]
[SourceTitle "EXT 2012"]
[Source "ChessBase"]
[SourceDate "2011.11.24"]
[SourceVersion "1"]
[SourceVersionDate "2011.11.24"]
[SourceQuality "1"]

1. d4 Nf6 2. Bg5 d5 3. e3 Nbd7 4. f4 Ne4 5. h4 c6 6. c3 Qb6 7. Qc2 Ndf6 8. Bd3 e6 9. Nd2 Nxd2 10. Bxf6 gxf6 11. Qxd2 Bd7 12. Nf3 c5 13. Rc1 Bb5 14. Bb1 0-0-0 15. Kf2 Kb8 16. Rhe1 f5 17. Ne5 Be8 18. Nd3 c4 19. Ne5 f6 20. Nf3 Bh5 21. Qc2 Bxf3 22. Kxf3 Rd7 23. b3 Ba3 24. Rcd1 cxb3 25. axb3 Rc7 26. Ba2 Qc6 27. Rd3 Rhc8 28. Kf2 Bb4 29. c4 Bxe1+ 30. Kxe1 Rg7 31. Kf1 Rcg8 32. Rd2 Qa6 33. b4 Rc8 34. b5 Qa3 35. Rd3 Qa5 36. Rc3 Rgc7 37. Kf2 Qb4 38. c5 Qxb5 39. Rb3 Qc6 40. Qd3 Ka8 41. Bb1 Rb8 42. Qd2 b6 43. Qb2 Rcb7 44. cxb6 Rxb6 45. Rxb6 Rxb6 46. Qa2 Qc3 0-1

[Event "FRA-chT2 South 0809"]
[Site "France"]
[Date "2009.02.08"]
[Round "7.7"]
[White "Louche, Herve"]
[Black "Patetif, Dyanna"]
[Result "1/2-1/2"]
[WhiteElo "1845"]
[BlackElo "1850"]
[PlyCount "82"]
[EventDate "2008.10.12"]
[EventType "tourn"]
[EventRounds "11"]
[EventCountry "FRA"]
[SourceTitle "EXT 2010"]
[Source "ChessBase"]
[SourceDate "2010.11.25"]
[SourceVersion "1"]
[SourceVersionDate "2010.11.25"]
[SourceQuality "1"]
[WhiteTeam "Montpellier Diagonale"]
[BlackTeam "Clermont Ferrand"]
[WhiteTeamCountry "FRA"]
[BlackTeamCountry "FRA"]

1. e4 c5 2. Nf3 Nc6 3. Bb5 a6 4. Bxc6 bxc6 5. 0-0 d5 6. e5 Bg4 7. Re1 e6 8. d3 Be7 9. h3 Bh5 10. Nbd2 Nh6 11. Nf1 Bxf3 12. Qxf3 Nf5 13. c3 0-0 14. Ne3 Nh4 15. Qe2 Ng6 16. Ng4 Bg5 17. g3 h5 18. Nh2 h4 19. Nf3 Bxc1 20. Raxc1 hxg3 21. fxg3 Kh7 22. h4 Rh8 23. Qf2 Qe7 24. d4 c4 25. Rf1 Kg8 26. Qc2 Rh6 27. Rf2 f6 28. Rcf1 Rf8 29. h5 Nh8 30. Nh4 f5 31. Qa4 Rxh5 32. Qxc6 Qg5 33. Qxe6+ Rf7 34. Rg2 Qe3+ 35. Kh2 g5 36. Rxf5 Qe4 37. Qe8+ Kg7 38. Rxf7+ Nxf7 39. e6 Rxh4+ 40. gxh4 Qxh4+ 41. Kg1 Qe1+ 1/2-1/2

[Event "FRA-chT2 South 0809"]
[Site "France"]
[Date "2009.01.18"]
[Round "6.6"]
[White "Zaninetti, Laurent"]
[Black "Patetif, Dyanna"]
[Result "1-0"]
[WhiteElo "1991"]
[BlackElo "1850"]
[PlyCount "41"]
[EventDate "2008.10.12"]
[EventType "tourn"]
[EventRounds "11"]
[EventCountry "FRA"]
[SourceTitle "EXT 2010"]
[Source "ChessBase"]
[SourceDate "2010.11.25"]
[SourceVersion "1"]
[SourceVersionDate "2010.11.25"]
[SourceQuality "1"]
[WhiteTeam "Agen"]
[BlackTeam "Clermont Ferrand"]
[WhiteTeamCountry "FRA"]
[BlackTeamCountry "FRA"]

1. c4 Nf6 2. g3 e6 3. Bg2 d5 4. d4 c6 5. Nf3 Bd6 6. b3 dxc4 7. bxc4 e5 8. dxe5 Bxe5 9. Qxd8+ Kxd8 10. Nxe5 Be6 11. 0-0 Ke7 12. Ba3+ Ke8 13. Rd1 Nbd7 14. Nxd7 Nxd7 15. Nd2 Nb6 16. c5 Nd5 17. Ne4 Ke7 18. Rac1 h6 19. Nd6 Rab8 20. e4 Nc7 21. Rd2 1-0

[Event "FRA-chT2 South 0809"]
[Site "France"]
[Date "2009.01.17"]
[Round "5.6"]
[White "Patetif, Dyanna"]
[Black "Guennoun, Anthony"]
[Result "0-1"]
[WhiteElo "1850"]
[BlackElo "2170"]
[PlyCount "50"]
[EventDate "2008.10.12"]
[EventType "tourn"]
[EventRounds "11"]
[EventCountry "FRA"]
[SourceTitle "EXT 2010"]
[Source "ChessBase"]
[SourceDate "2010.11.25"]
[SourceVersion "1"]
[SourceVersionDate "2010.11.25"]
[SourceQuality "1"]
[WhiteTeam "Clermont Ferrand"]
[BlackTeam "Saint Affrique"]
[WhiteTeamCountry "FRA"]
[BlackTeamCountry "FRA"]

1. d4 c5 2. c3 e6 3. Bf4 d5 4. e3 Nc6 5. Bd3 Nf6 6. Nd2 Bd6 7. Bxd6 Qxd6 8. Ne2 e5 9. dxe5 Nxe5 10. Bc2 0-0 11. e4 d4 12. f4 Neg4 13. e5 Qd5 14. exf6 Qxg2 15. Rf1 Ne3 16. Rg1 Qxh2 17. Rxg7+ Kh8 18. Qb1 Qh1+ 19. Ng1 Qh4+ 20. Ke2 Bg4+ 21. Ngf3 Qh2+ 22. Kd3 Bf5+ 23. Ne4 Qxf4 24. Nfg5 c4+ 25. Kxd4 b6 0-1

[Event "FRA-chT2 South 0607"]
[Site "France"]
[Date "2006.10.15"]
[Round "1.7"]
[White "Fournier, Camille"]
[Black "Patetif, Dyanna"]
[Result "1-0"]
[WhiteElo "2091"]
[BlackElo "1680"]
[PlyCount "55"]
[EventDate "2006.10.15"]
[EventType "team-tourn"]
[EventRounds "11"]
[EventCountry "FRA"]
[SourceTitle "EXT 2008"]
[Source "ChessBase"]
[SourceDate "2007.11.25"]
[SourceVersion "1"]
[SourceVersionDate "2007.11.25"]
[SourceQuality "1"]
[WhiteTeam "Condom"]
[BlackTeam "Palavas les Flots"]
[WhiteTeamCountry "FRA"]
[BlackTeamCountry "FRA"]

1. Nf3 d5 2. d4 Bg4 3. Ne5 Bh5 4. g4 Bg6 5. h4 f6 6. Nxg6 hxg6 7. Qd3 Kf7 8. h5 gxh5 9. gxh5 Ke8 10. Qg6+ Kd7 11. Qf7 c6 12. Bf4 Nh6 13. Bh3+ f5 14. Bxf5+ Nxf5 15. Qxf5+ e6 16. Qe5 Na6 17. Nc3 Qb6 18. 0-0-0 Re8 19. h6 Re7 20. hxg7 Bxg7 21. Qd6+ Ke8 22. Rxh8+ Bxh8 23. Bg5 Rf7 24. Qxe6+ Kf8 25. Bh6+ Bg7 26. Bxg7+ Rxg7 27. Rh1 Rg8 28. Rh7 1-0